Filosofía y letras : revista de la Facultad de Filosofía y Letras de la Universidad Nacional Autónoma de México : enero-marzo 1947 /
En esta revista trimestral se abordan temas de filosofía, historia y literatura principalmente. En este número se conmemora a Antonio Caso como sociólogo; El filósofo en favor de la libertad de cátedra; El problema de la filosofía contemporánea; El dualismo en la creación artística europea; La prime...
Kaydedildi:
| Diğer Yazarlar: | |
|---|---|
| Materyal Türü: | Kitap |
| Dil: | İspanyolca |
| Konular: | |
| Etiketler: |
Etiket eklenmemiş, İlk siz ekleyin!
|
MARC
| LEADER | 00000nam^a2200000^a^4500 | ||
|---|---|---|---|
| 001 | 000112218 | ||
| 005 | 20250521000000.0 | ||
| 009 | 20260310093858.858 | ||
| 037 | |a Acervo ITESO - Biblioteca | ||
| 041 | |a ESP | ||
| 082 | |a 105. |b FIL 1947 V. 13 T. 25 | ||
| 240 | 1 | 1 | |a [Filosofía y Letras] |
| 240 | 1 | 1 | |a [Revista de la Facultad de Filosofía y Letras de la Universidad Nacional Autónoma de México] |
| 245 | 1 | 0 | |a Filosofía y letras : |b revista de la Facultad de Filosofía y Letras de la Universidad Nacional Autónoma de México : enero-marzo 1947 / |c Dir. de A. Yáñez. |
| 264 | |a México : |b Imprenta Universitaria, |c 1947 | ||
| 300 | |a 187 p. | ||
| 336 | |a texto |b txt |2 rdacontenido | ||
| 337 | |a sin mediación |b n |2 rdamedio | ||
| 338 | |a volumen |b nc |2 rdasoporte | ||
| 520 | |a En esta revista trimestral se abordan temas de filosofía, historia y literatura principalmente. En este número se conmemora a Antonio Caso como sociólogo; El filósofo en favor de la libertad de cátedra; El problema de la filosofía contemporánea; El dualismo en la creación artística europea; La primera novela catalana moderna y El escrito más antiguo de Francisco Cervantes de Salazar. Todos los tomos incluyen reseñas bibliográficas. | ||
| 649 | |a XX | ||
| 650 | |a Filosofía - |x Publicaciones Periódicas Mexicanas | ||
| 650 | |a Publicaciones Periódicas Mexicanas | ||
| 650 | |a Filósofos Mexicanos | ||
| 650 | |a Intelectuales Mexicanos | ||
| 650 | |a Filosofía - |z México - |x Historia | ||
| 650 | |a Educación - |z México - |x Historia | ||
| 650 | |a Creación (Literaria, Artística, etc.) | ||
| 650 | |a Novela Catalana | ||
| 650 | |a Literatura Catalana - |y Siglo XIX | ||
| 650 | |a Educadores Mexicanos - |x Historia | ||
| 650 | |a México - |x Historia - |y Epoca Colonial, 1517-1821 | ||
| 650 | |a Universidades - |z México - |x Historia | ||
| 700 | |a Yáñez, Agustín |e (dirección) | ||
| 910 | |a Fondo Salvador Reynoso Reynoso | ||
| 920 | |a Impresos - Libros | ||
| 930 | |a Fondos Especiales | ||
| 905 | |a 112 | ||
| 901 | |a 0800001496 |b IT2 |c ESP |u 20250521 | ||
| 902 | |a https://opac.biblio.iteso.mx/vufind/Record/000112218 | ||